| 000 | 00579 a2200169 4500 | ||
|---|---|---|---|
| 003 | Nust | ||
| 005 | 20221202141012.0 | ||
| 040 | _cNust | ||
| 082 | _a621.381528,GAR | ||
| 100 |
_aLouis E. Garner _9104022 |
||
| 245 |
_aTransistor circuit handbook / _cLouis E. Garner |
||
| 260 |
_aChicago _bCoyne school publications _c1963 |
||
| 300 | _a472p | ||
| 505 | _aThe Transistor (Page-3), Semiconductor Physics (Page-15), Transistor Design, Construction And Characteristics (Page-99), Transistor Applications (Page-337). | ||
| 650 | _aTelecommunication Engineering | ||
| 942 |
_2ddc _cBK |
||
| 999 |
_c182392 _d182392 |
||